=LDR 00000nam 2200000 4500 =001 INLIS000000000056386 =005 20200901084007 =035 ##$$a 0010-0920000017 =007 ta =008 200901###########################0#ind## =020 ##$$a 9971 65 087 8 =082 ##$$a 306 c =084 ##$$a 306 c =245 1#$$a chulture schock /$c cathie draine and barbara hall =300 ##$$a 284 : $b Ilustrasi ; $c 18cm =600 #4$$a indonesia-kebudayaan =264 ##$$a singapore :$b time books international,$c 1953 =336 ##$$a Teks$2 rdacontent =337 ##$$a lain-lain$2 rdamedia =338 ##$$a lain-lain$2 rdacarrier